Responses for Show #3768 - Wednesday, January 10, 2001

Michael Arnone game 2.

Contestants

[<< previous game]

Brian Lynch, a public relations expert from Kenosha, Wisconsin

Jolynn Brooks, a caterer from Washington, D.C.

Michael Arnone, a graduate student originally from Pennington, New Jersey (whose 1-day cash winnings total $3,300)

[next game >>]

Jeopardy! Round responses

"OLD" ENGLAND
WHAT'S FOR BREAKFAST?
THE BIBLE
RETIRED JERSEYS
(Alex: Obviously, a reference to sports.)
WORD PUZZLES
WITCHCRAFT
    $100 8
(M: Who is Mother Goose?)

Old Mother Hubbard

MichaelBrian
    $100 5
Omelet

Brian
    $100 1
Jonah

Jolynn
    $100 26
Wayne Gretzky

Michael
    $100 11
One nation under God

Michael
    $100 20
Brew

Brian
    $200 9
Old Bailey

Brian
    $200 6
Danish

Michael
    $200 18
Confound their languages

Brian
    $200 27
(M: Who is Magic Johnson?)
(B: Who is Chamberlain?)

Kareem Abdul-Jabbar

MichaelJolynnBrian
    $200 12
Deeply in debt

Michael
    $200 21
Munchkins

Brian
    $300 10
(J: What is the Swan?)

Old Vic

Jolynn
Triple Stumper
    $300 16
Silver dollar pancakes

Michael
    $300 2
Leprosy

Jolynn
    $300 30
Dan Marino

Brian
    $300 13
Up against the wall

Brian
    $900 22
(B: What is "The Tempest?")

"Macbeth"

Brian
    $400 19
(J: What is A.D.?)
(B: What is old calendar?)

Old style

JolynnBrian
Triple Stumper
    $400 17
"Grand Slam" breakfast

Michael
    $400 3
Covenant

Michael
    $400 28
Larry Bird

Michael
    $400 14
Backstabber

Michael
    $400 23
(minute to go...)

Broom-Hilda

Michael
    $500 25
The old school tie

Brian
    $500 7
Nutri-Grain

Michael
    $500 4
(J: What is Ephesians?)

Corinth

JolynnBrian
    $500 29
George Brett

Brian
    $500 15
The aftereffects

Brian
    $500 24
Dunking stool

Brian

Scores at the first commercial break (after clue 16):

Michael Jolynn Brian
$2,000 -$400 $1,700

Scores at the end of the Jeopardy! Round:

Michael Jolynn Brian
$3,100 -$600 $2,500

Double Jeopardy! Round responses

THE CINEMA
AKRONYMS
(Alex: Notice the "K" there.)
SCANDALOUS WOMEN
REPETITION AGAIN
IF THEY WERE MUSICALS...
WHICH CRAFT?
    $200 14
King Kong

Triple Stumper
    $200 3
(M: What are tires?)
(J: What is the galvanization of rubber/rubber making?)
(Alex: No, I think you were trying to say "vulcanization of rubber".)

Rubber industry

MichaelJolynn
Triple Stumper
    $200 17
Napoleon Bonaparte

Brian
    $200 15
(Brian: What is "Girls Just Want to Have Fun"?)

"Time After Time"

JolynnBrian
    $200 4
"The Rime of the Ancient Mariner"

Brian
    $400 13
The Mask

Michael
    $400 16
(J: What is World War I?)

Civil War

Jolynn
Triple Stumper
    $400 5
"Crime and Punishment"

Michael
    $400 24
Papier-mache

Michael
    $600 12
Ben-Hur

Michael
    $1,000 27
(Michael: [No response])
[The end-of-round signal sounds.]

Alcoholics Anonymous

Michael
    $600 1
Warren G. Harding

Jolynn
    $600 19
"Song of Songs"

Michael
    $700 6
"The Fall of the House of Usher"

Michael
    $600 21
(J: What is leathercraft?)
(we have a minute to go...)

Bookbinding

JolynnBrian
    $800 11
The Shawshank Redemption

Michael
    $800 26
Cuyahoga River

Michael
    $800 9
Charles II

Michael
    $800 18
(M: What is word-by-word?)
(J: What is bit-by-bit?)

Play-by-play

MichaelJolynn
Triple Stumper
    $800 7
"The Three Sisters"

Brian
    $800 22
Collage

Jolynn
    $1000 10
Maverick

Michael
    $1000 25
John S. Knight

Michael
    $1000 2
Medici

Brian
    $1000 20
(M: What is "Sondheim by Sondheim?")

"Side by Side by Sondheim"

Michael
Triple Stumper
    $1000 8
"Remembrance of Things Past"

Jolynn
    $1000 23
Lapidary

Brian

Scores at the end of the Double Jeopardy! Round:

Michael Jolynn Brian
$7,600 $0 $6,100

[wagering suggestions for these scores]

Final Jeopardy! Round responses

WORLD RECORDS
BrianWhat
$0
MichaelWhat is climbing Mt. Everest?
$5,000
Climbing Mount Everest

Final scores:

Michael Jolynn Brian
$12,600 $0 $6,100
2-day champion: $15,900 3rd place: Skagen Denmark Shopping Spree 2nd place: Trip to Mazatlan, Mexico courtesy of Yahoo! Travel

Game dynamics:

Coryat scores:

Michael Jolynn Brian
$8,500 $0 $7,000
22 R
(including 1 DD),
6 W
(including 1 DD)
7 R,
7 W
19 R,
4 W
(including 1 DD)

Combined Coryat: $15,500

[game clues] [game scores] [suggest correction]

Game tape date: 2000-11-01
The J! Archive is created by fans, for fans. Scraping, republication, monetization, and malicious use prohibited; this site may use cookies and collect identifying information. See terms. The Jeopardy! game show and all elements thereof, including but not limited to copyright and trademark thereto, are the property of Jeopardy Productions, Inc. and are protected under law. This website is not affiliated with, sponsored by, or operated by Jeopardy Productions, Inc. Join the discussion at JBoard.tv.